| 000 | 00516nam a2200193Ia 4500 | ||
|---|---|---|---|
| 003 | LK-CoDNM | ||
| 008 | 010623t1955 xxu||||| |||| 00| 1 sin d | ||
| 040 |
_aLK-CoDNM _dLK-CoDNM _eLK-CoDNM |
||
| 041 | _asin | ||
| 080 | _a894.3.07 BUD | ||
| 100 | _aRev.Buddadatta, Polwatte Sri | ||
| 245 | _aපාළිභාෂාවතරණය | ||
| 246 | _aPalibhashawatharanaya | ||
| 260 |
_bAnanda book Company _aAmbalangoda _c1955 |
||
| 300 | _b110, 21 cm | ||
| 500 | _aNo.1 | ||
| 650 | _aPali Language | ||
| 942 | _cBK | ||
| 999 |
_c103963 _d103963 |
||